000 00676nam a2200229Ia 4500
008
020 _a0122897706 (pbk.)
049 _aMAIN
090 _aQE653
_bGOO
100 1 _aGoodwin, Alan M.
245 1 0 _aPrinciples of Precambrian geology /
_cAlan M. Goodwin.
260 _aSan Diego :
_bAcademic Press,
_c1996.
300 _ax, 327 p. :
_bill. ;
_c25 cm.
500 _aIncludes index.
504 _aIncludes bibliographical references.
650 0 _aGeology, Stratigraphic
_yPrecambrian.
907 _a.b10373512
_b31-05-16
_c30-05-16
003
005 20230123122216.0
040 _cNUST
942 _cBOOKS
_kQE653
_mGOO
999 _c129682
_d129682